000 00305nam a2200121Ia 4500
008 220120s9999||||xx |||||||||||||| ||und||
082 _a823 FRA
100 _aFrancis, Dick
_911945
245 0 _aOdds against
260 _aPan books
_bNew York
300 _aXVII,802p.
_b0
650 _aSIGNAL PROCESSING
_9719
999 _c137487
_d137487